Science Quiz

Random Science or Astronomy Quiz

Stars of Orion Quiz Stats

 Plays Quiz not verified by Sporcle

Score 0/7 Timer 01:30
0 Plays Today
% Correct
Betelgeuse
88.5%
Rigel
78.2%
Bellatrix
71.8%
Alnitak
56.4%
Saiph
47.4%
Alnilam
46.2%
Mintaka
44.9%

You're not logged in!

Compare scores with friends on all Sporcle quizzes.
OR
Log In

Show Comments

Extras

Created Feb 11, 2014ReportNominate
Tags:Astronomy Quiz, orion, star

Top Quizzes Today


Score Distribution

Your Account Isn't Verified!

In order to create a playlist on Sporcle, you need to verify the email address you used during registration. Go to your Sporcle Settings to finish the process.

Report this User

Report this user for behavior that violates our Community Guidelines.

Details: